Les paysages agraires /

Detalles Bibliográficos
Autor principal: Meyner, Andre
Formato: Libro
Publicado: Paris : Armand Colin, 1959.
Edición:2a ed.
Materias:
Etiquetas: Agregar Etiqueta
Sin Etiquetas, Sea el primero en etiquetar este registro!

MARC

LEADER 00000nam a22000004a 4500
001 AR-BbUGT2588
003 AR-BbUGT
005 20181220001652.0
007 ta
008 061101t1959 |||ad |0|||0| d
040 |a AR-BbUGT  |b spa  |c AR-BbUGT 
082 0 4 |a 910.630 
100 1 |a Meyner, Andre. 
245 1 4 |a Les paysages agraires /   |c André Meyner. 
250 |a 2a ed. 
260 |a Paris :   |b Armand Colin,   |c 1959. 
300 |a 202 p. :   |b il., tablas 
653 |a Geografía Agraria 
942 |c BK  |h 910.630  |i M577A2  |m D  |2 ddc  |6 910_630000000000000_M577A2 
999 |c 10159  |d 10159